000 00509nam a2200169Ia 4500
008 090201s9999 xx 000 0 und d
010 _aKPL-47586
040 _bमराठी
041 _aमराठी
082 _a32274
_b47586
100 _aपद्मा कुलकर्णि
245 _aकिथी
_cपद्मा कुलकर्णि
260 _c2004
_bअंजली पब्लिशिंग
300 _a168
_bमोठा
600 _aकिथी
942 _cBOOK
999 _c230630
_d230630